|
|
|
|
| LEADER |
00000nab a2200000 a 4500 |
| 001 |
vtls011131476 |
| 003 |
SK-MaSNL |
| 005 |
20260303114017.0 |
| 008 |
230121|1951 xo |||||||||||||||||slo| |
| 015 |
|
|
|a SNBRB
|
| 035 |
|
|
|a (uuid)fd7739b7-1505-486f-b2d7-bc0eb1dc7aa7
|
| 035 |
|
|
|a (urnnbn)urn:nbn:sk:snk:ar-a09ldv
|
| 035 |
|
|
|a urn:nbn:sk:snk-aba94h
|
| 040 |
|
|
|a SNKBUCL
|b slo
|c SNKBUCL
|e AACR2
|
| 041 |
0 |
|
|a slo
|
| 044 |
|
|
|a xo
|c SK
|
| 100 |
1 |
|
|a Darjabin, D.
|4 aut
|9 1128031
|
| 245 |
1 |
0 |
|a Preprava žaluďov v železničných vozňoch
|c D. Darjabin, Lad. Lehotský
|
| 700 |
1 |
|
|a Lalehotský, D.
|4 trl
|9 1128032
|
| 773 |
0 |
|
|t Poľana : časopis lesného a drevárskeho hospodárstva
|g Roč. 7, č. 2 (1951), s. 27-31
|
| 954 |
|
|
|a odborná, vedecká literatúra pôvodná (slovenská)
|2 lita
|
| 958 |
|
|
|a OND
|
| 958 |
|
|
|a EUIPO
|
| 958 |
|
|
|a article13
|
| 999 |
|
|
|c 1896554
|d 1898484
|